000
00316nam a2200109Ia 4500
008
220204s9999 xx 000 0 und d
082
_a
658.1
_b
SMY
100
_a
Smyth, David J
245
0
_a
Size, growth, profits and executive compensation in the large corporations
260
_a
London
_b
Macmillan
_c
1975
942
_c
BK
999
_c
28199
_d
28199